000
00325nam a2200133Ia 4500
008
191201s2011 xx 000 0 und d
082
_a
658.007
_b
CHR
100
_a
CHAWLA,Deepak
245
0
_a
Research Methodology
260
_a
N. delhi
_b
Vikas Publication House
_c
2011
300
_a
670
650
_a
MBA
942
_2
ddc
_c
BK
_0
8
999
_c
5482
_d
5482